00226 a2200109 4500001000700000020000600007040001100013100002200024240003300046245002800079362000900107170703 a  cMagnum aKubitschek, Julia10aCem anos jk - 1902/2002lpor10aCem anos jk - 1902/20020 a1899